| 000 | 00809nam a2200253Ia 4500 | ||
|---|---|---|---|
| 003 | OSt | ||
| 005 | 20220924131528.0 | ||
| 006 | a|||||r|||| 00| 0 | ||
| 007 | ta | ||
| 008 | 220923b |||||||| |||| 00| 0 san d | ||
| 024 | _a74514 | ||
| 037 | _cTextual | ||
| 040 |
_aARTS _cARTS _bsan |
||
| 041 |
_2san _asan |
||
| 082 | _aR641x7,1,1, 15M8 | ||
| 100 | _aMisra Parthasarthi | ||
| 245 | 0 | _aSastra dipika with the commentary 'May ukhamalika' by Somanatha and the commentary 'Yuktisnehaprapurani' by Ramkrishna, ed by Dharamdatta Jha | |
| 260 |
_aVaranasi _bKrishnadas Academy _c1988 |
||
| 300 |
_a884p. _ccm. |
||
| 490 | _aKrishnadas sanskrit series; 103 | ||
| 650 | _aBHATT MIMAMSA | ||
| 942 |
_hR641x7,1,1, 15M8 _cTEXL _2CC |
||
| 999 |
_c427383 _d427383 |
||